LEADER 01110cam0 2200277 450 001 E600200050494 005 20160218144028.0 100 $a20090622d1977 |||||ita|0103 ba 101 $aita 102 $aIT 200 1 $aContributi allo studio dell'"iniuria" in età repubblicana$fArrigo Manfredini 210 $aMilano$cGiuffrè$d1977 215 $a275 p.$d25 cm. 225 2 $aPubblicazioni della Facoltà giuridica dell'Università di Ferrara$hSerie seconda$v11 300 $a(mm) 410 1$1001LAEC00025503$12001 $a*Pubblicazioni della Facoltà giuridica dell'Università di Ferrara. Serie seconda$v11 700 1$aManfredini$b, Arrigo Diego$3A600200055344$4070$0267609 801 0$aIT$bUNISOB$c20160218$gRICA 850 $aUNISOB 852 $aUNISOB$jFondo|Casavola$m144859 912 $aE600200050494 940 $aM 102 Monografia moderna SBN 941 $aM 957 $aFondo|Casavola$b000367$gSi$d144859$hCasavola$rdono$1menle$2UNISOB$3UNISOB$420090622072424.0$520160218144028.0$6petrellap 996 $aContributi allo studio dell'?iniuria? in età repubblicana$9861528 997 $aUNISOB LEADER 03704nam 22007935 450 001 9910484030403321 005 20251226193437.0 010 $a3-662-47221-X 024 7 $a10.1007/978-3-662-47221-7 035 $a(CKB)3710000000436999 035 $a(SSID)ssj0001547020 035 $a(PQKBManifestationID)16141555 035 $a(PQKBTitleCode)TC0001547020 035 $a(PQKBWorkID)14796139 035 $a(PQKB)11046161 035 $a(DE-He213)978-3-662-47221-7 035 $a(MiAaPQ)EBC6304021 035 $a(MiAaPQ)EBC5595872 035 $a(Au-PeEL)EBL5595872 035 $a(OCoLC)910935941 035 $a(PPN)186399227 035 $a(EXLCZ)993710000000436999 100 $a20150603d2015 u| 0 101 0 $aeng 135 $aurnn|008mamaa 181 $ctxt 182 $cc 183 $acr 200 10$aCellular Automata and Discrete Complex Systems $e21st IFIP WG 1.5 International Workshop, AUTOMATA 2015, Turku, Finland, June 8-10, 2015. Proceedings /$fedited by Jarkko Kari 205 $a1st ed. 2015. 210 1$aBerlin, Heidelberg :$cSpringer Berlin Heidelberg :$cImprint: Springer,$d2015. 215 $a1 online resource (X, 263 p. 80 illus.) 225 1 $aTheoretical Computer Science and General Issues,$x2512-2029 ;$v9099 300 $aBibliographic Level Mode of Issuance: Monograph 311 08$a3-662-47220-1 327 $aDynamical, topological, ergodic and algebraic aspects -- Algorithmic and complexity issues -- Emergent properties -- Formal language processing aspects -- Symbolic dynamics -- Models of parallelism and distributed systems -- Timing schemes -- Phenomenological descriptions -- Scientific modeling -- Practical applications. 330 $aThis volume constitutes the thoroughly refereed proceedings of the 21st International Workshop on Cellular Automata and Discrete Complex Systems, AUTOMATA 2015, held in Turku, Finland, in June 2015. This volume contains 4 invited talks in full-paper length and 15 regular papers, which were carefully reviewed and selected from a total of 33 submissions. Topics of interest include, the following aspects and features of such systems: dynamical, topological, ergodic and algebraic aspects; algorithmic and complexity issues; emergent properties; formal language processing aspects; symbolic dynamics; models of parallelism and distributed systems; timing schemes; phenomenological descriptions; scientific modeling; and practical applications. 410 0$aTheoretical Computer Science and General Issues,$x2512-2029 ;$v9099 606 $aComputer science 606 $aAlgorithms 606 $aComputer simulation 606 $aComputer networks 606 $aComputer science$xMathematics 606 $aDiscrete mathematics 606 $aTheory of Computation 606 $aAlgorithms 606 $aComputer Modelling 606 $aComputer Communication Networks 606 $aDiscrete Mathematics in Computer Science 615 0$aComputer science. 615 0$aAlgorithms. 615 0$aComputer simulation. 615 0$aComputer networks. 615 0$aComputer science$xMathematics. 615 0$aDiscrete mathematics. 615 14$aTheory of Computation. 615 24$aAlgorithms. 615 24$aComputer Modelling. 615 24$aComputer Communication Networks. 615 24$aDiscrete Mathematics in Computer Science. 676 $a005.3 702 $aKari$b J$g(Jarkko),$4edt$4http://id.loc.gov/vocabulary/relators/edt 801 0$bMiAaPQ 801 1$bMiAaPQ 801 2$bMiAaPQ 906 $aBOOK 912 $a9910484030403321 996 $aCellular Automata and Discrete Complex Systems$94183703 997 $aUNINA